000 00503nam a2200169Ia 4500
999 _c35264
_d35264
003 OSt
005 20201217102433.0
008 190216s9999||||xx |||||||||||||| ||und||
040 _coclc
082 _a491.2
_bSAV/M
100 _aSaviour, T P
_97611
245 0 _aMalayalam Samskritha Nikhandu /
_cT P Saviour
260 _bKerala Basha Institute,
_c1955.
_aTrivandrum:
300 _a471p
650 _aMalayalam Samskritha Nikandu
942 _cREF
_2ddc
_hSaviour,
_iSAV/M
_kSaviour,
_mSAV/M